Представление документа в формате RUSMARC

ПолеНазваниеЗначение
  Тип записи a
  Библиографический уровень m
001 Контрольный номер 117b520ef0084ede8da189534d588184
005 Дата корректировки 20140624044221.5
010 Индекс ISBN __
a ISBN 978-5-9916-2325-4
101 Язык документа 0_
a Язык текста rus
102 Страна публикации __
a Страна публикации RU
200 Заглавие и сведения об ответственности 1_
a Заглавие Право интеллектуальной собственности
b Общее обозначение материала Текст
200 Заглавие и сведения об ответственности 1_
e Сведения, относящиеся к заглавию учебник для магистров
200 Заглавие и сведения об ответственности 1_
f Первые сведения об ответственности И. А. Зенин
205 Сведения об издании __
a Основные сведения об издании 8-е изд.
210 Выходные данные 1_
a Место издания М.
c Издательство Юрайт
d Дата издания 2013
215 Физическое описание __
a Объем 567 с.
225 Серия 2_
a Серия Магистр
610 Ключевые слова 0_
a Ключевые слова исключительное (имущественное) интеллектуальное право
a Ключевые слова авторское право
a Ключевые слова смежные права
a Ключевые слова патентное право
a Ключевые слова защита интеллектуальных прав
a Ключевые слова право промышленной собственности
686 Индексы других классификаций __
a Классификационный индекс 67.404.3я73
700 Автор _1
a Фамилия Зенин
b Имя И. А.
801 Источник записи _0
a Страна RU
b Организация РУК
g Правила каталогизации PSBO
801 Источник записи _1
a Страна RU
b Организация РУК
g Правила каталогизации PSBO
852 Данные о местонахождении __
i Авторский знак З-56
j Шифр хранения ББК 67.404.3
901 Тип документа __
t Тип документа m
937 Технологическая информация __
a Создатель записи (имя) Сюбаева
938 Служебная информация __
a Название организации Камчатский филиал
952 Тип литературы __
c Вид литературы учебник
952 Тип литературы __
b Гриф литературы для ВШ гриф УМО